LEADER 01187nam a2200289 i 4500 001 000000132746 003 CaOOAMICUS 005 20180924104019.0 008 041216s2001 it u000 u ita u 013 $a105755 020 $a88-86617-92-5 040 $aSeMil$bita 240 02$aL'identità fluttuante.$0(OLS)http://semarc/title/194908 245 13$aLa costruzione della differenza fra società e politica /$cDonatella Pacelli (a cura di) 260 $aCantalupa (Torino) :$bEffatà,$ccopyr. 2001. 300 $a220 p. ;$c21 cm. 490 0 $aAccademia ;$v5 650 4$aSociologia.$0(OLS)http://semarc/subject/3570 700 1 $aPacelli, Donatella.$0(OLS)http://semarc/name/54616 830 0$aAccademia ;$v5.$0(OLS)http://semarc/title/11916 850 $aSeMil 852 $aSeMil$W1$xVenegono$y1$m769 4 5 *$j86648$B86648$CSeMilBibl$Z2$F90396 $81 961 $aLascito: Cornati don Dario 996 $6020$a88-86617-92-5$9(OLS)http://semarc/number/119843 996 $6245$aLa costruzione della differenza fra società e politica$9(OLS)http://semarc/title/194917 996 $6260$aCantalupa (Torino) :$bEffatà$9(OLS)http://semarc/publisher/30780 LEADER 00951nam a2200253 i 4500 001 000000136905 003 CaOOAMICUS 005 20050404000000.0 008 050404s1987 it u000 u ita u 013 $a110642 040 $aSeMil$bita 100 1 $aBrodskij, Iosif <1940-1996>.$0(OLS)http://semarc/name/92992 245 10$aFuga da Bisanzio /$cIosif Brodskij ; traduzione di Gilberto Forti. 250 $a2. Ed. 260 $aMilano :$bAdelphi,$c1987. 300 $a243 p. ;$c22 cm. 490 0 $aBiblioteca Adelphi ;$v180 700 1 $aForti, Gilberto.$0(OLS)http://semarc/name/6941 830 0$aBiblioteca Adelphi ;$v180.$0(OLS)http://semarc/title/7073 850 $aSeMil 852 $aSeMil$W1$xVenegono$y1$m1O V 87$j90479$B90479$CSeMilBibl$Z2$F95318 $81 961 $aOmaggio: Poma mons. Gianfranco 996 $6245$aFuga da Bisanzio$9(OLS)http://semarc/title/200030 996 $6260$aMilano :$bAdelphi$9(OLS)http://semarc/publisher/30018 LEADER 00956nam a2200253 i 4500 001 000000250115 003 CaOOAMICUS 005 20160713000000.0 008 160713s1969 it u000 u ita u 013 $a229020 040 $aSeMil$bita 100 1 $aJalée, Pierre.$0(OLS)http://semarc/name/38656 240 12$aL'imperialisme en 1970.$0(OLS)http://semarc/title/352339 245 12$aL'imperialismo negli anni '70 /$cPierre Jalée. 260 $aMilano :$bJaca Book,$c[1969] 300 $a209 p. ;$c23 cm. 490 0 $aSaggi ;$v22 650 4$aImperialismo.$0(OLS)http://semarc/subject/2583 830 0$aSaggi ;$v22.$0(OLS)http://semarc/title/341 850 $aSeMil 852 $aSeMil$W1$xVenegono$y1$m3M IV 251$j200461$B200461$CSeMilBibl$Z2$F213206 $81 961 $aOmaggio: Sagramoso Guido 996 $6245$aL'imperialismo negli anni '70$9(OLS)http://semarc/title/352338 996 $6260$aMilano :$bJaca Book$9(OLS)http://semarc/publisher/29781 LEADER 00841nam a2200205 i 4500 001 000000022151 003 CaOOAMICUS 005 20180830125445.0 008 180830s1980 it u000 u ita u 040 $aSeMil$bita 245 10$aTemi pastorali nel magistero di Paolo 6. /$craccolta organica di testi a cura di Luigi Chiappetta. 260 $aNapoli - Roma - Andria :$bEdizioni Dehoniane,$c1980. 300 $a2 v. ;$c24 cm. 500 $aFondo Conti. 650 4$aPaolo VI - Pastorale.$0(OLS)http://semarc/subject/3478 700 1 $aChiappetta, Luigi.$0(OLS)http://semarc/name/3439 774 0 $t1.$g1$w()45724 774 0 $t2.$g2$w()182121 996 $6245$aTemi pastorali nel magistero di Paolo 6.$9(OLS)http://semarc/title/29475 996 $6260$aNapoli - Roma - Andria :$bEdizioni Dehoniane$9(OLS)http://semarc/publisher/35665 LEADER 00973nam a2200229 i 4500 001 000000069602 003 CaOOAMICUS 005 20080429000000.0 008 080429s1963 fr u000 u fre u 013 $a40774 040 $aSeMil$bita 100 1 $aJaspers, Karl,$d<1883-1969>.$0(OLS)http://semarc/name/9270 240 10$aPhilosophische Autobiographie.$0(OLS)http://semarc/title/111470 245 10$aAutobiographie Philosophique /$cKarl Jaspers ; traduit de l'allemand par Pierre Boudot. 260 $aParis :$bAubier,$ccopyr. 1963. 300 $a217 p. ;$c18 cm. 650 4$aJaspers, Karl <1883-1969> - Autobiografia.$0(OLS)http://semarc/subject/13802 700 1 $aBoudot, Pierre.$0(OLS)http://semarc/name/34701 850 $aSeMil 852 $aSeMil$W1$xVenegono$y1$m2P I 202$j35755$B35755$CSeMilBibl$Z2$F35758 $81 996 $6245$aAutobiographie Philosophique$9(OLS)http://semarc/title/111469 996 $6260$aParis :$bAubier$9(OLS)http://semarc/publisher/30108 LEADER 01983nam a2200349 i 4500 001 000000195410 003 CaOOAMICUS 005 20101213000000.0 008 101213s2010 gw u000 u eng u 013 $a174082 020 $a978-3-11-024095-3 020 $ae-978-3-11-024096-2 040 $aSeMil$bita 100 1 $aAhn, John J.$0(OLS)http://semarc/name/70928 245 10$aExile as forced migrations :$ba sociological, literary, and theological approach on the displacement and resettlement of the Southern Kingdom of Judah /$cJohn J. Ahn. 260 $aBerlin ; New York :$bDe Gruyter,$c2010. 300 $axviii, 306 p. ;$c24 cm. 490 0 $aBeihefte zur Zeitschrift für die alttestamentliche Wissenschaft ;$v417 500 $aTesto rivisto della tesi, Graduate School of Yale Univ. - Literaturverzeichnis (pp. [266]-293). 650 4$aBibbia - Migrazioni.$0(OLS)http://semarc/subject/21036 650 4$aBibbia. Antico Testamento - Commentari, studi, critica, interpretazioni.$0(OLS)http://semarc/subject/2 650 4$aEbrei - Storia - Cattività babilonese, 598-515 a.C.$0(OLS)http://semarc/subject/36332 650 4$aEbrei - Storia - 586 a.C.-70 d.C.$0(OLS)http://semarc/subject/36333 650 4$aBibbia - Esilio.$0(OLS)http://semarc/subject/12616 830 0$aBeihefte zur Zeitschrift für die alttestamentliche Wissenschaft ;$v417.$0(OLS)http://semarc/title/294 850 $aSeMil 852 $aSeMil$W1$xVenegono$y1$m2XA Q 417$j252530$B145979$CSeMilBibl$Z2$F157502 $81 961 $aSottoscrizione: De Gruyter 996 $6020$a978-3-11-024095-3$9(OLS)http://semarc/number/187105 996 $6020$ae-978-3-11-024096-2$9(OLS)http://semarc/number/187106 996 $6245$aExile as forced migrations :$ba sociological, literary, and theological approach on the displacement and resettlement of the Southern Kingdom of Judah$9(OLS)http://semarc/title/281931 996 $6260$aBerlin ; New York :$bDe Gruyter$9(OLS)http://semarc/publisher/29892